000 00782nam a2200253 4500
003 OSt
005 20260601193839.0
008 260421b1978 xxua|||| |||| 00| 0 eng d
040 _aICI
_bspa
_cICI
050 _aNK1535.P39
_b L58
100 1 _aJohn and Arvil Blake
245 0 _aLiving by design /
_cThe partners of pentagram, theo crosby... y otros.! ; editor Peter gorb
264 _bLund humphries,
_c1978
_aLondon :
300 _a300 páginas
_c21cm.
336 _atexto
_2rdacontent
337 _asin medio
_2rdamedia
338 _avolumen
_2rdacarrier
500 _aUn Libro Extraordinario
610 _aPentagram Design Partnership
650 _aDiseño
_xHistoria
_ySiglo XX
_zGran Bretaña
700 _aCrosby, Theo
710 _aPentagram Design
942 _2lcc
_cB
999 _c21357
_d21357